LEADER 01064nam0 2200301 450 001 000007207 005 20131015153732.0 010 $a88-464-7282-9 100 $a20060613d2005----km-y0itay50------ba 101 0 $aita 102 $aIT 105 $ay-------001yy 200 1 $aAsset Management$etecniche e stile di gestione del portafoglio$fGabriele Sampagnaro 210 $aMilano$cFranco Angeli$d2005 215 $a181 p.$d23 cm 225 2 $aEconomia e politica industriale$v380.294 410 0$12001$aEconomia e politica industriale 500 10$aAsset Management : tecniche e stile di gestione del portafoglio$937946 610 1 $aPortafoglio$aGestione$aModelli matematici 610 1 $aInvestimenti$aGestione 676 $a332.60151$v20 700 1$aSampagnaro,$bGabriele$0630513 801 0$aIT$bUNIPARTHENOPE$c2005$gRICA$2UNIMARC 912 $a000007207 951 $a332-A/9$b38489$cNAVA1$d2006 951 $aPARTH-SAM/1$b41618$cNAVA1$d2009 996 $aAsset Management : tecniche e stile di gestione del portafoglio$937946 997 $aUNIPARTHENOPE LEADER 01352nam0 2200457 450 001 000025450 005 20120322165223.0 010 $a978-88-15-12459-3 100 $a20090428d2008----km-y0itay50------ba 101 0 $aita 102 $aIT 105 $ay-------001yy 200 1 $a<>tributi nell'economia italiana$fPaolo Bosi, M. Cecilia Guerra 205 $a9. ed. 210 $aBologna$cIl Mulino$d2008 215 $a249 p.$d22 cm 225 2 $aItinerari$iEconomia 410 0$12001$aItinerari 451 0$1001000028788 451 0$1001001000007963 451 0$1001001000007360 451 0$1001001000006134 451 0$1001001000005591 451 0$1001001 000004909 451 0$1001001000004077 451 0$1001001000002861 451 0$1001001000000167 451 0$1001001000000166 451 0$1001001000014297 500 10$a<>tributi nell'economia italiana$937664 610 1 $aTributi$aItalia 610 1 $aTassazioni ed entrate nazionali 676 $a336.945$v21 676 $a336.200945$v21$9Tasse e tassazione. Italia 700 1$aBosi,$bPaolo$0460415 701 1$aGuerra,$bMaria Cecilia$0123734 801 0$aIT$bUNIPARTHENOPE$c20090428$gRICA$2UNIMARC 912 $a000025450 951 $aL-0013$b41322$cNAVA3$d2009 996 $aTributi nell'economia italiana$937664 997 $aUNIPARTHENOPE